Puvis de Chavannes (Record no. 166839)

MARC details
000 -LEADER
campo de control de longitud fija 00784nam a22002295i 4500
001 - NÚMERO DE CONTROL
campo de control 166839
003 - IDENTIFICADOR DE NÚMERO DE CONTROL
campo de control ES-MaACL
005 - FECHA Y HORA DE LA ÚLTIMA TRANSACCIÓN
campo de control 20250927110645.0
008 - DATOS DE LONGITUD FIJA--INFORMACIÓN GENERAL
campo de control de longitud fija 050920m18991903fr | |||||||| ||fre d
040 ## - FUENTE DE CATALOGACIÓN
Centro catalogador/agencia de origen CAM
Lengua de catalogación spa
Centro/agencia transcriptor CAM
100 1# - ENTRADA PRINCIPAL--NOMBRE DE PERSONA
Nombre de persona Vachon, Marius.
9 (RLIN) 133482
245 10 - MENCIÓN DEL TÍTULO
Título Puvis de Chavannes
Resto del título : un maître de ce temps /
Mención de responsabilidad, etc. Marius Vachon.
260 ## - PUBLICACIÓN, DISTRIBUCIÓN, ETC.
Lugar de publicación, distribución, etc. Paris :
Nombre del editor, distribuidor, etc. Société d'Edition Artistique,
Fecha de publicación, distribución, etc. [s.a.] (
Fabricante Typographie Firmin-Didot et c\pie\s)
300 ## - DESCRIPCIÓN FÍSICA
Extensión 258 p. ;
Dimensiones 20 cm.
490 1# - MENCIÓN DE SERIE
Mención de serie L'Art et les Artistes
596 ## - NOTA AL PIE DE IMPRENTA
NOTA AL PIE DE IMPRENTA En pag. 12 consta la fecha 1899.
600 14 - PUNTO DE ACCESO ADICIONAL DE MATERIA--NOMBRE DE PERSONA
Nombre de persona Puvis de Chavannes, Pierre,
Fechas asociadas al nombre 1824-1898
9 (RLIN) 94440
752 ## - ENTRADA AGREGADA--NOMBRE JERÁRQUICO DEL LUGAR
País o entidad superior Francia -
Ciudad París
830 0# - PUNTO DE ACCESO ADICIONAL DE SERIE-TÍTULO UNIFORME
Título uniforme L'Art et les Artistes
9 (RLIN) 222581
852 ## - LOCALIZACIÓN
Ubicación ES-MaACL
Número de control de estantería F-12552
Nota libre -- Rust.
Holdings
Estatus retirado Estado de pérdida Estado de daño No para préstamo Biblioteca de origen Biblioteca actual Ubicación en estantería Fecha de adquisición Fuente de adquisición Total de préstamos Signatura topográfica completa Código de barras Visto por última vez Precio de reemplazo Tipo de ítem Koha
        Biblioteca del Ateneo de Madrid Biblioteca del Ateneo de Madrid Sala Pecera Planta 2 17/01/2008     F-12552 1175004 23/02/2023 23/02/2023 Libro impreso